Central Library OPAC University of Rajshahi

Business cycles and forecasting / (Record no. 58115)

MARC details
000 -LEADER
fixed length control field 00950nam a2200289 i 4500
001 - CONTROL NUMBER
control field 58115
003 - CONTROL NUMBER IDENTIFIER
rucl marc code BD-RjUL
005 - DATE AND TIME OF LATEST TRANSACTION
control field 20211209080604.0
008 - FIXED-LENGTH DATA ELEMENTS--GENERAL INFORMATION
fixed length control field 161215s1978 ohu b 001 0 eng
020 ## - INTERNATIONAL STANDARD BOOK NUMBER
International Standard Book Number 0538085304
035 ## - SYSTEM CONTROL NUMBER
System control number (BD-RjUL)58239
040 ## - CATALOGING SOURCE
Original cataloging agency DLC
Transcribing agency DLC
Modifying agency DLC
Language of cataloging eng
041 ## - LANGUAGE CODE
Language code of text/sound track or separate title eng
082 00 - DEWEY DECIMAL CLASSIFICATION NUMBER
Classification number 338.542
Edition number 23
Author mark and year DAB 1978
100 1# - MAIN ENTRY--PERSONAL NAME
Personal name Dauten, Carl Anton,
Dates associated with a name 1913-
9 (RLIN) 172629
245 10 - TITLE STATEMENT
Title Business cycles and forecasting /
Statement of responsibility, etc. Carl A. Dauten, Lloyd M. Valentine.
250 ## - EDITION STATEMENT
Edition statement 5th ed.
260 ## - PUBLICATION, DISTRIBUTION, ETC. (IMPRINT)
Place of publication, distribution, etc. Cincinnati :
Name of publisher, distributor, etc. South-western Pub. Co.,
Date of publication, distribution, etc. c1978.
300 ## - PHYSICAL DESCRIPTION
Pagination xii, 484 p. :
Illustrations graphs ;
Size 24 cm.
500 ## - GENERAL NOTE
General note First ed. published in 1954 under title: Business fluctuations and forecasting.
504 ## - BIBLIOGRAPHY, ETC. NOTE
Bibliography, etc Includes bibliographies and index.
650 #0 - SUBJECT ADDED ENTRY--TOPICAL TERM
Topical term or geographic name as entry element Business cycles.
9 (RLIN) 172630
Topical term or geographic name as entry element Business forecasting.
9 (RLIN) 172631
700 1# - ADDED ENTRY--PERSONAL NAME
Personal name Valentine, Lloyd M.,
Relator term joint author.
942 ## - ADDED ENTRY ELEMENTS (KOHA)
Source of classification or shelving scheme Dewey Decimal Classification
Koha item type Books
Holdings
Lost status Source of classification or shelving scheme Damaged status Not for loan Collection code Permanent Location Current Location Shelving location Date acquired Total Checkouts Full call number Date last seen Copy number Koha item type
  Dewey Decimal Classification   Not For Loan Non-fiction Central Library, University of Rajshahi Central Library, University of Rajshahi Reading Room 08/10/1985   338.542 DAB 1978 15/12/2016 C-1 Books